000 01865cam a22004934i 4500
003 PE-LiUPU
005 20250731173111.0
008 181218s2017 tnu r 001 0 eng d
020 _a1462751024
020 _a9781462751020
035 _a(Sirsi) a251099
040 _aPE-LiUPU
_bspa
_cPE-LiUPU
_erda
049 _aPRUA
082 0 4 _a253
_bP27
_223
245 0 0 _aPastoral ministry :
_bthe ministry of a shepherd /
_cDeron J. Biles, editor ; series editors: Paige Patterson & Jason G. Duesing.
264 1 _aNashville :
_bB & H Academic,
_c[2017].
300 _a203 páginas ;
_c23 centímetros
336 _atext
_2rdacontent
337 _aunmediated
_2rdamedia
338 _avolume
_2rdacarrier
504 _aÍndice: páginas 189-203.
505 0 _aThe ministry of a shepherd -- Feed the flock -- Strengthen the weak -- Healing: the forgotten art of the church -- Shepherds must bind up the broken -- The shepherd who protects the sheep -- Bring back those driven away -- Seeking the lost and perishing -- Leading the flock -- Trusting the true shepherd.
526 _aSEG42
526 _aSEG41
526 _aSEG40
526 _aSEG39
526 _aP94
526 _aP87
526 _aP86
526 _aP85
526 _aP77
526 _aP76
526 _aP35
650 0 _aBautistas
_xClero.
650 0 _aTeología pastoral
_xBautistas.
700 1 _aDuesing, Jason G.,
_eeditor.
700 1 _aPatterson, Paige,
_eeditor.
910 _adbm
_brri
_crri
_d20181218
942 _2ddc
_cBOOK
994 _aC0
_bPEPRU
596 _a1
999 _a253 P27
_wDEWEY
_c30547
_i79370
_f2021-11-10
_g5
_lCCODEBUL1
_mBUL
_p15.00
_r0
_sY
_tBOOK
_u2018-12-18
_xTEOLOGIA
_PP85
_0DONACION
_1FCOMPR2
_o.STAFF. Colección Teología
_d30547
980 _81
_gALBERTO SANCHEZ Responsable de Automatización